000 00896nam a22002297a 4500
005 20260323162703.0
010 _aB-763568-588 ENG-148137 BACEN25
020 _c995.00
_a9788178443904
035 _aB-763568-588
035 _aEN-131669
037 _bK.K Publications
037 _bDBAD
082 _a940.5318092
100 _aFrank, Anne
_988751
245 _aThe Diary of a Young Girl/
_cby Anne Frank
250 _a1
260 _aNew Delhi
_bK. K Publications
_c2024
270 _bNew Delhi
_e110002
_a4806/24, Bharat Ram Road, Darya ganj
_k011-23285167
_minfo@kkpublications.com
300 _a350p.
_c22cm.(hb)
942 _2ddc
_cEN
_mFRA
_h940.5318092
999 _c209227
_d209227